01338 2200289 4500001002100000005001500021035002000036007000300056008004100059040002200100082001400122084001600136090001800152100006200170245012200232300002400354500020400378650002000582850001200602505018300614264005600797336002100853337003000874338002300904246010100927990002001028INLIS00000000086073920210608082132 a0010-0621000274ta210608s1962 jki g 0 e ind d aYOPDYOGbinderda04223a808.4 a808.4 YAM p aL 808.4 YAM p1 aYamin, MuhammadePengaranggguru besar sedjarah dan hukum1 aPertulisan Widjaja-parakrama-wardana dari Surodakan (Kediri), dengan bertarich Sjaka 1368-T.M. 1447 /cMuhammad Yamin a36 halaman ;c23 cm aPembahasan pertulisan tersebut sebagai bahan penelitian perkembangan sejarah nasional dan ketatanegaraan Indonesia berupa sumbangsih bagi Kongres MIPI di kota Yogyakarta pada bulan Oktober tahun 1962 4aEsai--xSejarah aYOPDYOG a1. Nama dan tarikh perrtulisan; 2. Salinan pertulisan dengan huruf Romawi; 3. Salinan pertulisan ke dalam bahasa Indonesia; 4. Bahan tata negara dalamnya; 5. Penilaian pertulisan31aDjakarta :b[penerbit tidak teridentifikasi],c1962 2rdacontentateks 2rdamediaatanpa perantara 2rdacarrieravolume aPertulisan Wijaya-parakrama-wardana dari Surodakan (Kediri), dengan bertarikh Saka 1368 / 1447 M a66859-PD/A.2021